000 00642nam a2200265Ia 4500
005 20260306164448.0
008 008 260114s9999 xx 000 0 eng d
020 _a9780199940257
037 _aEBOOK
040 _aCRL
040 _beng
040 _cCRL
041 _2eng
041 _aeng
084 _qCRL
100 _aWelsh
_9913435
245 4 _aThe Oxford Handbook Of Crime And Criminal Justice
260 _bOxford University Press
260 _c2012
650 _aLaw & Criminology
856 _uhttps://academic.oup.com/edited-volume/36323
942 _cEBOOK
999 _c1714171
_d1714171